Quizz sur l'astronomie - Statistiques

Statistiques générales
  • Ce quiz a été pris 652 fois
  • Le résultat moyen est 9 sur 15
Statistiques - réponses
Question Réponse % Correct
Quelle est la galaxie la plus proche de la nôtre ? Andromède
95%
Qu'est-ce qu'une supernova ? Une explosion d'une étoile
94%
Sur quelle planète peut-on observer un système spectaculaire d'anneaux depuis la Terre avec un télescope ? Saturne
91%
Comment se forme généralement un trou noir ? Effondrement gravitationnel d'une étoile massive
82%
Qu'est-ce qu'une exoplanète ? Une planète située en dehors de notre système solaire
81%
Quel est le nom de l'étoile la plus proche de la Terre dans le système Alpha Centauri ? Proxima Centauri
77%
Quelle est l'étoile la plus brillante du ciel ? Sirius
77%
Comment pense-t-on que la Lune s'est formée ? Éjection d'une partie de la Terre primitive
73%
Quel est l'un des défis psychologiques auxquels les astronautes peuvent être confrontés lors de missions spatiales prolongées ? Claustrophobie
57%
Pourquoi les astronautes portent-ils des combinaisons spatiales ? Pour se protéger des rayonnements solaires
43%
Combien d'étoiles compose le système Alpha Centauri ? Deux
37%
Qui a donné le nom "Aurora Borealis" aux aurores boréales ? Les Vikings
34%
Quelle est la durée d'une journée sur Mars (en heures terrestres) ? 36 heures
30%
Comment les astronautes obtiennent-ils leur nourriture dans l'espace ? En utilisant des imprimantes 3D alimentaires
6%
Qu'est-ce qu'une exolune ? Une lune en orbite autour de Jupiter
4%
Aucun quiz correspondant
Distribution des résultats
% des personnes avec chaque résultat
Percentile par nombre de réponses
Votre historique - résultats
Vous n’avez pas pris ce quiz